000 00239nmm a2200085Ia 4500
008 220120s9999||||xx |||||||||||||||||und||
100 _aEFY
245 0 _aApril 2011 : industrial automation software, EFY magazine, c
260 _aEFY enterprises
999 _c139675
_d139675